Digital health : scaling healthcare to the world (Record no. 26160)

MARC details
000 -LEADER
fixed length control field 00730nam a22002297a 4500
003 - CONTROL NUMBER IDENTIFIER
control field OSt
005 - DATE AND TIME OF LATEST TRANSACTION
control field 20230517124518.0
008 - FIXED-LENGTH DATA ELEMENTS--GENERAL INFORMATION
fixed length control field 230517b |||||||| |||| 00| 0 eng d
020 ## - INTERNATIONAL STANDARD BOOK NUMBER
International Standard Book Number 9783319870816
082 ## - DEWEY DECIMAL CLASSIFICATION NUMBER
Edition number 22
Classification number 610
Item number D56D
245 ## - TITLE STATEMENT
Title Digital health : scaling healthcare to the world
Statement of responsibility, etc edited by Homero Rivas and Katarzyna Wac
260 ## - PUBLICATION, DISTRIBUTION, ETC. (IMPRINT)
Place of publication, distribution, etc Switzerland
Name of publisher, distributor, etc Springer International Publishing
Date of publication, distribution, etc 2018
300 ## - PHYSICAL DESCRIPTION
Extent xiii, 370p.
Other physical details Paperback
490 ## - SERIES STATEMENT
Series statement Health Informatics
653 ## - INDEX TERM--UNCONTROLLED
Uncontrolled term Medical informatics
653 ## - INDEX TERM--UNCONTROLLED
Uncontrolled term Medical care--Technological innovations
653 ## - INDEX TERM--UNCONTROLLED
Uncontrolled term Medical records--Data processing
653 ## - INDEX TERM--UNCONTROLLED
Uncontrolled term Medicine
700 ## - ADDED ENTRY--PERSONAL NAME
Personal name Rivas, Homero
Relator term Editor
700 ## - ADDED ENTRY--PERSONAL NAME
Personal name Wac, Katarzyna
Relator term Editor
942 ## - ADDED ENTRY ELEMENTS (KOHA)
Source of classification or shelving scheme Dewey Decimal Classification
Koha item type Books
Holdings
Withdrawn status Lost status Source of classification or shelving scheme Damaged status Not for loan Collection code Home library Current library Date acquired Source of acquisition Cost, normal purchase price Total Checkouts Full call number Barcode Date last seen Price effective from Koha item type
    Dewey Decimal Classification     General Text Book Central University Of Rajasthan Central University Of Rajasthan 17/05/2023 BCH 2721.01   610 D56D 39807 17/05/2023 17/05/2023 Books
    Dewey Decimal Classification     General Text Book Central University Of Rajasthan Central University Of Rajasthan 17/05/2023 BCH 2721.01   610 D56D 39808 17/05/2023 17/05/2023 Books